| 000 | 01754cam a2200361 i 4500 | ||
|---|---|---|---|
| 001 | 200454080 | ||
| 999 |
_c200454080 _d72292 |
||
| 003 | TR-AnTOB | ||
| 005 | 20240813165659.0 | ||
| 007 | ta | ||
| 008 | 210322s2020 tu ad 000 0 tur d | ||
| 020 | _a9786054844227 (v.1) | ||
| 020 | _a9786054844265 (v.2) | ||
| 020 | _a9786054844333 (v.3) | ||
| 040 |
_aBGZ _beng _erda _cBGZ _dTR-AnTOB |
||
| 041 | 0 | _atur | |
| 060 | 4 |
_aW 84 _bO28 |
|
| 096 |
_aW84 _bO28 |
||
| 245 | 0 | 0 | _aOECD ve AB ülkelerinde sağlık ve geri ödeme sistemleri. |
| 264 | 1 |
_aAnkara : _bSosyal Güvenlik Kurumu, _c2020-2022. |
|
| 300 |
_a3volumes : _billustrations, tables ; _c30 cm |
||
| 336 |
_atext _btxt _2rdacontent |
||
| 337 |
_aunmediated _bn _2rdamedia |
||
| 338 |
_avolume _bnc _2rdacarrier |
||
| 490 | 0 |
_aSosyal Güvenlik Kurumu Başkanlığı Yayın No ; _v173 (v.1) _aSosyal Güvenlik Kurumu Başkanlığı Yayın No ; _v176 (v.2) |
|
| 504 | _aBIB | ||
| 505 | 2 |
_tOECD ve AB ülkelerinde sağlık ve geri ödeme sistemleri I. _reditör: Dr. Mustafa Özderyol ; kitaba katkı verenler: Zehra Eryılmaz, Anıl Bikeç, Ayhan Aydın, Ayşe İnce, Duygu Taşdelen Doğan, Gökhan Özdemir, Hatice Demet Çelik, Mukadder Yer. _tOECD ve AB ülkelerinde sağlık ve geri ödeme sistemleri II. _reditör: Prof. Dr. Gökhan Tuna Öztürk ; editör yardımcısı: Uzm. Dr. Nejla Mendil Erdoğan ; kitaba katkı verenler: Anıl Bikeç, Ayhan Aydın, Dilek Sernur Eminoğulları, Dilek Özdemir, Gökhan Özdemir, İsmail Güler, Mukadder Yer, Selma Akman. |
|
| 650 | 2 |
_aEconomics, Medical _9115372 |
|
| 651 | 0 |
_aOECD countries _9143100 |
|
| 651 | 0 |
_aEuropean Union countries _930530 |
|
| 710 |
_aTürkiye. _bÇalışma ve Sosyal Güvenlik Bakanlığı _994234 |
||
| 942 |
_2lcc _cBK |
||